000 00582nam a2200181Ia 4500
008 151018s9999 xx 000 0 und d
082 _bRBASDV35915
_a891.433
100 _aनेत्रसिंग रावत
245 _aपत्थर और पानी
250 _b1
260 _bसंभावना
_c2003
300 _a101
600 _aनेत्रसिंग रावत
630 _aपत्थर और पानी
700 _aनेत्रसिंग रावत
730 _aपत्थर और पानी
942 _cBOOK
999 _c1035386
_d1035383